| 000 | 00488 a2200169 4500 | ||
|---|---|---|---|
| 999 |
_c183099 _d183099 |
||
| 005 | 20211216121251.0 | ||
| 010 | _aENG-130369 | ||
| 020 | _c710.00 | ||
| 035 | _aEN-113901 | ||
| 037 | _bDBAD / PUB | ||
| 082 | _a954 | ||
| 245 |
_aIndian History: _cEdited by Kalpana Rajaram |
||
| 260 |
_bSpectrum Books (P) Ltd. _aNew Delhi _c2019 |
||
| 270 |
_bNew Delhi _aA1 291, First Floor, Janakpuri _e110058 |
||
| 300 |
_aF-202p. _c24cm (pbk) |
||
| 942 |
_adpl _cEN _2ddc _h954 _mIND |
||